| 000 | 00625cam a2200241 4500 | ||
|---|---|---|---|
| 001 | B244 | ||
| 008 | 090401t1986 xxu||||| |||| 00| 0 eng d | ||
| 035 | _a(Sirsi) u34565 | ||
| 041 | _aeng | ||
| 050 | _a630.0212 | ||
| 110 |
_aMinistry of Agriculture _91876 |
||
| 245 | _aFarm incomes in the United Kingdom 1986 | ||
| 260 |
_aLondon _bHMSO _c1986 |
||
| 300 | _avii,76p. : ill. ; 30cm. | ||
| 350 | _a9 | ||
| 520 | _aBased on the Farm Management Survey. | ||
| 650 | _aFARM MANAGEMENT SURVEY | ||
| 650 | _aFARMING | ||
| 650 | _aSTATISTICS | ||
| 710 |
_aFisheries and Food _91879 |
||
| 942 | _n0 | ||
| 948 | _c04/03/1997 | ||
| 999 |
_c89964 _d89964 |
||